| 000 | 00792nam a2200217Ia 4500 | ||
|---|---|---|---|
| 003 | GCL | ||
| 008 | 140319s9999 xx 000 0 ara d | ||
| 020 | _a?322215977 | ||
| 040 |
_aGCL / _cGCL |
||
| 082 | 0 | 4 |
_a613.85 _bع س |
| 100 | 1 | _aعبدالمنعم شحاته محمود | |
| 245 | 1 | 0 |
_aسيكولوجية التدخين : _bالبدء - الاستمرار - الامتناع / _cعبدالمنعم شحاته محمود |
| 260 |
_aالقاهرة : _bدار غريب للطباعة والنشر والتوزيع ، _c1998 |
||
| 300 |
_a159 ص ؛ _c24 سم |
||
| 490 | _a | ||
| 650 | 0 | 4 | _aالتدخين |
| 650 | 0 | 4 | _aمنع التدخين |
| 650 | 0 | 4 | _aالتدخين - التأثير النفسى |
| 650 | 0 | 4 | _aالتدخين - التاثير الفسيولوجى |
| 942 |
_2ddc _cBK |
||
| 999 |
_c32 _d32 |
||